| 000 | 00369cam a22001217a 4500 | ||
|---|---|---|---|
| 999 |
_c508735 _d508735 |
||
| 008 | 180718b xxu||||| |||| 00| 0 eng d | ||
| 082 | _aT000x5433 62/PT2 | ||
| 100 |
_aPunjab. Department of Planning _94208 |
||
| 245 |
_aThird five year plan, Punjab 1960 _cby Department of Planning, Punjab |
||
| 260 |
_aChandigarh _bGovernment Press _c1960 |
||
| 300 | _av.p. | ||
| 942 | _2ddc | ||